Mā Thabata Fī Ayyāmis Sunnah : / ما ثبت بالسنة فى ايام السنة (Record no. 29848)
[ view plain ]
| 000 -LEADER | |
|---|---|
| fixed length control field | 00520nam a22001817a 4500 |
| 003 - CONTROL NUMBER IDENTIFIER | |
| control field | BDDh-ASL |
| 005 - DATE AND TIME OF LATEST TRANSACTION | |
| control field | 20231015031058.0 |
| 008 - FIXED-LENGTH DATA ELEMENTS--GENERAL INFORMATION | |
| fixed length control field | 221226s p ||||| |||| 00| 0 a d |
| 040 ## - CATALOGING SOURCE | |
| Original cataloging agency | BDDh-ASL |
| Transcribing agency | BDDh-ASL |
| 041 ## - LANGUAGE CODE | |
| Language code of text/sound track or separate title | ara |
| 082 ## - DEWEY DECIMAL CLASSIFICATION NUMBER | |
| Classification number | 297 |
| Item number | DEM |
| 100 1# - MAIN ENTRY--PERSONAL NAME | |
| Personal name | Dehlavi, Abdul Haq |
| 9 (RLIN) | 5303 |
| 245 10 - TITLE STATEMENT | |
| Title | Mā Thabata Fī Ayyāmis Sunnah : / ما ثبت بالسنة فى ايام السنة |
| 260 ## - PUBLICATION, DISTRIBUTION, ETC. | |
| Place of publication, distribution, etc. | Lahore : |
| Name of publisher, distributor, etc. | Mohammadi Press , |
| 300 ## - PHYSICAL DESCRIPTION | |
| Extent | 100 p. : |
| Dimensions | 25 cm. |
| 650 #0 - SUBJECT ADDED ENTRY--TOPICAL TERM | |
| Topical term or geographic name entry element | Hadith |
| 9 (RLIN) | 3956 |
| 942 ## - ADDED ENTRY ELEMENTS (KOHA) | |
| Source of classification or shelving scheme | Dewey Decimal Classification |
| Koha item type | Books |
| Withdrawn status | Lost status | Source of classification or shelving scheme | Damaged status | Not for loan | Collection code | Home library | Current library | Shelving location | Date acquired | Source of acquisition | Serial Enumeration / chronology | Total Checkouts | Full call number | Barcode | Date last seen | Copy number | Price effective from | Koha item type | Public note |
|---|---|---|---|---|---|---|---|---|---|---|---|---|---|---|---|---|---|---|---|
| Dewey Decimal Classification | Not For Loan | Non-fiction | Asiatic Society Library | Asiatic Society Library | General Stacks | 12/26/2022 | ASB Library Collection | A-0111 | 297 DEM | 118137 | 12/26/2022 | C-1 | 12/26/2022 | Books | Y-0000 |